| 000 | 00860nam a2200229 i 4500 | ||
|---|---|---|---|
| 001 | 24873 | ||
| 003 | ES-MaACL | ||
| 005 | 20250725232309.0 | ||
| 007 | t| | ||
| 008 | 021219m1890 sp 1916 |||| | spa d | ||
| 080 | _a821.134.2-14(082.2) | ||
| 245 | 0 | 0 |
_aAntología de poetas líricos castellanos _b: desde la formación del idioma hasta nuestros días / _cordenada por Marcelino Menéndez y Pelayo. |
| 260 |
_aMadrid : _b[s.n., _c1890-1916] ( _fViuda de Hernando) |
||
| 300 |
_a14 v. ; _c18 cm. |
||
| 530 | _aDisponible en formato digital. | ||
| 650 | 7 |
_aPoesías líricas españolas _2embne _9153683 |
|
| 700 | 1 |
_aMenéndez y Pelayo, Marcelino, _d1856-1912 _980332 |
|
| 852 |
_aES-MaACL _jF-13234-47 |
||
| 856 |
_uhttp://bdh-rd.bne.es/viewer.vm?id=0000012529&page=1 _zBiblioteca Digital Hispánica |
||
| 942 | _2udc | ||
| 999 |
_c24873 _d24873 |
||